000 00582nam a2200193Ia 4500
008 090123s9999 xx 000 0 und d
082 _b21645
100 _aबर्वे राजेंद्र
245 _aफुलोरा
250 _a1
260 _bमनोविकास प्रकाशन
_c1992
300 _a211
600 _aबर्वे राजेंद्र
630 _aफुलोरा
700 _aबर्वे राजेंद्र
700 _aबर्वे ललिता
730 _aफुलोरा
942 _cBOOK
999 _c59717
_d59717